Indian textile industry in international perspective

Сохранить в:
Библиографические подробности
Главный автор: Menon, K. S. V.
Формат:
Язык:Undetermined
Опубликовано: Bombay Current Awareness Service 1980
Предметы:
Метки: Добавить метку
Нет меток, Требуется 1-ая метка записи!
Thư viện lưu trữ: Trung tâm Học liệu Trường Đại học Cần Thơ
LEADER 00500nam a2200181Ia 4500
001 CTU_86140
008 210402s9999 xx 000 0 und d
082 |a 338.4 
082 |b M547 
100 |a Menon, K. S. V. 
245 0 |a Indian textile industry in international perspective 
245 0 |c K. S. V. Menon 
260 |a Bombay 
260 |b Current Awareness Service 
260 |c 1980 
650 |a Textile industry 
904 |i Năm 
980 |a Trung tâm Học liệu Trường Đại học Cần Thơ